A lukácsi esztétika kritikusai és ellenzői
Elmentve itt :
| Szerző: | |
|---|---|
| Adatforrás: | Philobibl |
| Forrásdokumentuma: | Társadalmi Szemle 49.1994/12., 26-34. p. |
| Dokumentumtípus: | Cikk |
| Nyelv: | magyar |
| Kulcsszavak: | Lukács György esztétika |
| Online elérés: | előfizetéssel hozzáférhető |
| LEADER | 00503nab a2200133 c 4500 | ||
|---|---|---|---|
| 001 | bibDOK00005248 | ||
| 005 | 20230522090605.7 | ||
| 008 | 060518s1994 hu hun | ||
| 100 | 1 | |a Tertulian, Nicolas | |
| 245 | 1 | 2 | |a A lukácsi esztétika kritikusai és ellenzői |c Tertulian, Nicolas |
| 695 | |a Lukács György | ||
| 695 | |a esztétika | ||
| 773 | 0 | |t Társadalmi Szemle |g 49.1994/12., 26-34. p. | |
| 856 | 4 | 1 | |3 Full text |u https://adt.arcanum.com/hu/view/TarsadalmiSzemle_1994/?pg=1091&layout=s |z előfizetéssel hozzáférhető |